Código procesal civil y comercial de la Nación. comentado, anotado y concordado con los Códigos Provinciales / Tomo I :
Guardado en:
| Autor Principal: | |
|---|---|
| Otros Autores: | |
| Formato: | Libro |
| Idioma: | Spanish |
| Publicado: |
Santa Fe :
Rubinzal Culzoni,
2014.
|
| Edición: | 3a. ed. amp. y act. |
| Materias: | |
| Etiquetas: |
Agregar Etiqueta
Sin Etiquetas, Sea el primero en etiquetar este registro!
|
| LEADER | 00639nam a22001695a 4500 | ||
|---|---|---|---|
| 001 | DER.der015463 | ||
| 008 | 251111s2014####ag#||||||||||||||#||spa|| | ||
| 005 | 20251111152222.0 | ||
| 245 | 1 | 0 | |a Código procesal civil y comercial de la Nación. |n Tomo I : |b comentado, anotado y concordado con los Códigos Provinciales / |c Roland Arazi y Jorge A. Rojas. |
| 250 | |a 3a. ed. amp. y act. | ||
| 260 | |a Santa Fe : |b Rubinzal Culzoni, |c 2014. | ||
| 300 | |a 1203 p. | ||
| 500 | |a artículos 1° a 237. | ||
| 100 | 1 | |a Arazi, Roland. | |
| 700 | 1 | |a Rojas, Jorge A. | |
| 650 | 7 | |a DERECHO PROCESAL CIVIL Y COMERCIAL | |
| 859 | |a DERECHO |b BIB. DERECHO |h 347.05 |i ARA |p 009093 |3 Tomo I | ||
